000 00567nam a2200181Ia 4500
003 GCL
008 140319s9999 xx 000 0 ara d
040 _aGCL /
_cGCL
082 0 4 _aط
_b423.1
_bر م
100 1 _aروحى البعلبكى
245 1 0 _aالمورد القريب: قاموس جيب عربى-انجليزى /
_cروحى البعلبكى
260 _a[S.N] :
_bدار العلم للملايين ،
_c1992
300 _a469 ص
490 _a
650 0 4 _aاللغة العربية
650 0 4 _aاللغة الانجليزية
942 _2ddc
_cBK
999 _c52562
_d52562